000 00593nam a2200229Ia 4500
003 OSt
005 20221005123513.0
006 a|||||r|||| 00| 0
007 ta
008 221004b |||||||| |||| 00| 0 eng d
024 _a35854
037 _cTextual
040 _aCRL
_cCRL
_beng
041 _2eng
_aeng
082 _aO111,1L92w, A.2
100 _aHogg Thomas Jefferson
245 0 _aLife of Percy Bysshe Shelley
260 _c1800
650 _aENGLISH LITERATURE
942 _hO111,1L92w, A.2
_cTEXL
_2cc
999 _c1047619
_d1047619